Tiến trình hội nhập Việt Nam - Asean
Gorde:
| Egile nagusia: | |
|---|---|
| Formatua: | Liburua |
| Argitaratua: |
Đại học quốc gia Hà Nội
2001
|
| Etiketak: |
Etiketa erantsi
Etiketarik gabe, Izan zaitez lehena erregistro honi etiketa jartzen!
|
| Thư viện lưu trữ: | Mạng thư viện Đại học Đà Nẵng |
|---|
| LEADER | 00580nam a2200229 a 4500 | ||
|---|---|---|---|
| 001 | 000029676 | ||
| 003 | 16996 | ||
| 005 | 20171030145630.0 | ||
| 008 | 171030s2001 | ||
| 020 | |c 11000 | ||
| 040 | |a LTT | ||
| 082 | 0 | |a 337.6 |b ĐI-L | |
| 100 | 1 | |a Đinh Xuân Lý | |
| 245 | 0 | 0 | |a Tiến trình hội nhập Việt Nam - Asean |c Đinh Xuân Lý. |
| 260 | |b Đại học quốc gia Hà Nội |c 2001 | ||
| OWN | |a LTT | ||
| 999 | |a From the UDN01 | ||
| TYP | |a Monograph | ||
| TYP | |a Printed language | ||
| 980 | |a Mạng thư viện Đại học Đà Nẵng | ||